|
|
|
|
| LEADER |
01934cas a2200301 a 4500 |
| 001 |
AALejournalIMF022075 |
| 008 |
230101c9999 xx r poo 0 0eng d |
| 020 |
|
|
|c 5.00 USD
|
| 020 |
|
|
|z 9781484375914
|
| 022 |
|
|
|a 1018-5941
|
| 040 |
|
|
|a BD-DhAAL
|c BD-DhAAL
|
| 100 |
1 |
|
|a Chen, Linxi.
|
| 245 |
1 |
0 |
|a China's Capacity Reduction Reform and Its Impact on Producer Prices /
|c Linxi Chen, Ding Ding, Rui Mano.
|
| 264 |
|
1 |
|a Washington, D.C. :
|b International Monetary Fund,
|c 2018.
|
| 300 |
|
|
|a 1 online resource (17 pages)
|
| 490 |
1 |
|
|a IMF Working Papers
|
| 500 |
|
|
|a <strong>Off-Campus Access:</strong> No User ID or Password Required
|
| 500 |
|
|
|a <strong>On-Campus Access:</strong> No User ID or Password Required
|
| 506 |
|
|
|a Electronic access restricted to authorized BRAC University faculty, staff and students
|
| 520 |
3 |
|
|a In late 2015, the Chinese authorities launched a policy to reduce capacity in the coal and steel industries under the wider effort of Supply-Side Structural Reforms. Around the same time, producer price inflation in China started to pick up strongly after being trapped in negative territory for more than fifty consecutive months. So what is behind this strong reflation-capacity cuts in coal and steel, or a strengthening of aggregate demand? Our empirical analyses indicate that a pickup in aggregate demand, possibly due to the government's stimulus package in 2015-16, was the more important driver. Capacity cuts played a role in propping up coal and steel prices, explaining at most 40 percent of their price increase.
|
| 538 |
|
|
|a Mode of access: Internet
|
| 650 |
|
7 |
|a Deflation
|2 imf
|
| 650 |
|
7 |
|a Inflation
|2 imf
|
| 650 |
|
7 |
|a Price Level
|2 imf
|
| 700 |
1 |
|
|a Ding, Ding.
|
| 700 |
1 |
|
|a Mano, Rui.
|
| 830 |
|
0 |
|a IMF Working Papers; Working Paper ;
|v No. 2018/216
|
| 856 |
4 |
0 |
|z Full text available on IMF
|u http://elibrary.imf.org/view/journals/001/2018/216/001.2018.issue-216-en.xml
|z IMF e-Library
|